Hayvanlarda Saldırı ve Savunma Venom Zehir ve Elektrik (Kayıt no. 657282)

MARC ayrıntıları
000 -LEADER
sabit uzunluktaki kontrol alanı 00292nam a2200097Ia 4500
001 - KONTROL NUMARASI
kontrol alanı 657282
005 - EN SON İŞLEMİN TARİH VE ZAMANI
kontrol alanı 20250826154612.0
008 - SABİT-UZUNLUKTA VERİ ÖĞELERİ--GENEL BİLGİ
sabit uzunluktaki kontrol alanı 250824s9999 xx 000 0 und d
245 #0 - ESER / YAZAR
ESER ADI Hayvanlarda Saldırı ve Savunma Venom Zehir ve Elektrik
Yazar Adı Kimberley Jane Pryor
260 ## - YAYIN, DAĞITIM, VB.
YAYIN EVİ TÜBİTAK YAYINLARI
Mevcut
Düşüm durumu Kayıp durumu Hasar Durumu Ödünç verilmez Ana kütüphane Geçerli Kütüphane Edinilen tarih Toplam ödünç verme sayısı Barkod Son görüntüleme tarihi Fiyatın geçerli olmaya başladığı tarih Koha materyal türü
        ÖZEL İDARE 100. YIL İLKOKULU ÖZEL İDARE 100. YIL İLKOKULU 24.08.2025   10102139 26.08.2025 26.08.2025 Kitaplar
Gemini Bilgi Teknolojileri A.Ş. tarafından düzenlenmiştir.